| 000 | 00547nam a2200205Ia 4500 | ||
|---|---|---|---|
| 005 | 20250508164702.0 | ||
| 008 | 008 250505s9999 xx 000 0 eng d | ||
| 020 | _a81 250 2730 0 | ||
| 037 | _aTextual | ||
| 040 |
_aFEDL _beng _cFEDL |
||
| 041 |
_aeng _2eng |
||
| 084 |
_a371.73, JAI _qFEDL |
||
| 100 |
_aJain Piyush _9541488 |
||
| 245 | 0 | _aYoga and recreation | |
| 260 |
_aNew Delhi, India _bKhel Sahitya Kendra _c2006 |
||
| 300 | _a245p. | ||
| 365 |
_aINR _b450 |
||
| 942 |
_cTEXL _h371.73, JAI |
||
| 999 |
_c1390545 _d1390545 |
||